[Event "Maia Cup 2019"]
[Site "Tbilisi"]
[Date "2019.09.05"]
[Round "1.1"]
[White "Chanturia, Lasha"]
[Black "Jobava, Baadur"]
[Result "0-1"]
[WhiteElo "1723"]
[BlackElo "2617"]
[Annotator "RC"]
[PlyCount "64"]
[EventDate "2019.09.05"]
[EventType "swiss"]
[EventCountry "GEO"]
[SourceTitle "playchess.com"]
[Source "ChessBase"]
[SourceQuality "1"]
[TimeControl "900+10"]

1. e4 {[%emt 0:00:00]} e6 {[%emt 0:00:00]} 2. d4 {[%emt 0:00:00]} d5 {[%emt 0:00:00]} 3. Bd3 {[%emt 0:00:00]} dxe4 {[%emt 0:00:08]} 4. Bxe4 {[%emt 0:00:00]} Nf6 {[%emt 0:00:03]} 5. Bf3 {[%emt 0:00:00]} c5 {[%emt 0:00:13]} 6. Ne2 {[%emt 0:00:15]} Nc6 {[%emt 0:00:30]} 7. Bxc6+ {[%emt 0:01:05]} bxc6 {[%emt 0:00:03]} 8. O-O {[%emt 0:00:03]} Ba6 {[%emt 0:00:06]} 9. Re1 {[%emt 0:01:48]} Bxe2 {[%emt 0:01:12]} 10. Qxe2 {[%emt 0:00:11]} cxd4 {[%emt 0:00:04]} 11. Bg5 {[%emt 0:00:14]} Be7 {[%emt 0:00:20]} 12. Nd2 {[%emt 0:00:30]} O-O {[%emt 0:00:03]} 13. Nf3 {[%emt 0:00:19]} Qb6 {[%emt 0:00:07]} 14. Qc4 {[%emt 0:00:35]} h6 {[%emt 0:00:24]} 15. Bh4 {[%emt 0:00:15]} Qxb2 {[%emt 0:01:17]} 16. Nxd4 {[%emt 0:00:34]} Qb4 {[%emt 0:00:08]} 17. Qd3 {[%emt 0:01:18]} c5 {[%emt 0:01:36]} 18. c3 {[%emt 0:01:34]} Qa4 {[%emt 0:00:03]} 19. Nf3 {[%emt 0:00:01]} Rad8 {[%emt 0:00:51]} 20. Qe2 {[%emt 0:00:07]} Nd5 {[%emt 0:00:16]} 21. Bxe7 {[%emt 0:00:13]} Nxe7 {[%emt 0:00:03]} 22. Qe5 {[%emt 0:00:34]} Qa5 {[%emt 0:00:35]} 23. c4 {[%emt 0:00:37]} Nc6 {[%emt 0:00:17]} 24. Qe4 {[%emt 0:00:26]} Nd4 {[%emt 0:00:16]} 25. Ne5 {[%emt 0:00:17]} Rd6 {[%emt 0:00:27]} 26. g4 {[%emt 0:01:51]} Qd8 {[%emt 0:00:39]} 27. Re3 {[%emt 0:00:43]} Qa8 {[%emt 0:00:17]} 28. Qb1 {[%emt 0:01:30]} Rfd8 {[%emt 0:00:11]} 29. g5 {[%emt 0:00:55]} hxg5 {[%emt 0:00:13]} 30. Qf1 {[%emt 0:01:13]} Nc2 {[%emt 0:00:09]} 31. Rb1 {[%emt 0:01:59]} Nxe3 {[%emt 0:00:04]} 32. fxe3 {[%emt 0:00:01]} f6 {[%emt 0:00:08]} 0-1

[Event "Maia Cup 2019"]
[Site "Tbilisi"]
[Date "2019.09.05"]
[Round "1.2"]
[White "Quparadze, Giga"]
[Black "Khomeriki, Ketevan"]
[Result "1-0"]
[WhiteElo "2462"]
[BlackElo "1869"]
[Annotator "TA"]
[PlyCount "24"]
[EventDate "2019.09.05"]
[EventType "swiss"]
[EventCountry "GEO"]
[SourceTitle "playchess.com"]
[Source "ChessBase"]
[SourceQuality "1"]

{[%evp 12,24,-33,2,62,50,99,102,104,81,175,143,226,113,120]} 1. e4 d5 2. exd5 Nf6 3. Nc3 Nxd5 4. Nxd5 Qxd5 5. Nf3 Nc6 6. d4 Bg4 7. Be2 Bxf3 {B02: Alekhine's Defence: Chase Variation and lines with early Nc3} ({Better is} 7... O-O-O $11) (7... e6 8. O-O Be7 9. h3 Bh5 10. c4 Qd6 11. d5 exd5 12. cxd5 Bxf3 13. Bxf3 Ne5 14. Bf4 O-O 15. Bxe5 Qxe5 16. Qe2 Qf6 {0-1 (57) Lerendegui Lasa,O (2124)-Del Rio de Angelis,S (2535) Villava 2018}) 8. Bxf3 $14 Qe6+ $146 ({Predecessor:} 8... Qxd4 9. Bxc6+ bxc6 10. Qxd4 e6 11. Bf4 Rc8 12. O-O-O Be7 13. Qd7+ Kf8 14. Qxc8+ Bd8 15. Qxd8# {1-0 (15) Jonas,B (1420)-Petrecz,A (1123) Gyor 2017}) 9. Be3 {[#] Strongly threatening d5.} O-O-O 10. O-O g5 (10... Ne5 $16 {was necessary.}) 11. d5 Qg6 {[#]} (11... Qf6 $16 12. dxc6 Rxd1 13. cxb7+ (13. Raxd1 bxc6 14. Bg4+ Kb7 $11) 13... Kb8 14. Raxd1 (14. Rfxd1 Bh6 $16) 14... Bh6) 12. Qe2 ({Resist} 12. dxc6 $6 Rxd1 13. cxb7+ Kb8 $16) (12. Bh5 $1 $18 {[%cal Rh5g6]} Rxd5 13. Bxg6 (13. Bg4+ Rf5 $16) 13... Rxd1 14. Bf5+ (14. Raxd1 hxg6 15. Bxg5 Rh5 $18) (14. Bxf7 Rxa1 15. Rxa1 Bg7 $16) 14... Rd7 15. Bxd7+ (15. Bxg5 e6 $16) 15... Kxd7 16. Rad1+ (16. Bxg5 e5 $18) 16... Kc8 17. Bxg5) 12... Ne5 1-0

[Event "Maia Cup 2019"]
[Site "Tbilisi"]
[Date "2019.09.05"]
[Round "1.3"]
[White "Bechvaia, Gabriel"]
[Black "Pantsulaia, Levan"]
[Result "0-1"]
[WhiteElo "1790"]
[BlackElo "2603"]
[Annotator "TA"]
[PlyCount "58"]
[EventDate "2019.09.05"]
[EventType "swiss"]
[EventCountry "GEO"]
[SourceTitle "playchess.com"]
[Source "ChessBase"]
[SourceQuality "1"]

{[%evp 22,58,29,0,0,0,2,0,0,0,-4,-8,17,-22,-8,-39,-10,-84,-83,-119,-62,-88,-56,-254,-270,-242,-242,-228,-229,-370,-365,-591,-397,-366,-350,-815,-795,-29995,-29996]} 1. d4 Nf6 2. c4 c5 3. d5 e6 4. Nc3 exd5 5. cxd5 d6 6. e4 g6 7. Nf3 a6 8. a4 Bg4 9. Be2 Bg7 10. O-O O-O 11. Qc2 Re8 12. Re1 Nbd7 {A76: Modern Benoni: Classical: 9...Re8 10 Qc2} 13. Bf4 Qe7 {[%cal Rf6e4]} 14. Nd2 (14. h3 Bxf3 15. Bxf3 c4 16. Bg3 Rac8 17. Rad1 h6 18. Be2 Nxe4 19. Bg4 Bxc3 20. bxc3 f5 21. f3 Nxg3 22. Rxe7 Rxe7 23. Kh2 Ne2 24. Re1 Rce8 25. Bxf5 gxf5 26. Qxf5 Nf8 27. Qf6 Kh7 28. h4 Rg7 {½-½ (29) Petkov,V (2508)-Berelowitsch,A (2595) Eupen 2007}) 14... Bxe2 {The position is equal.} 15. Rxe2 Nh5 16. Be3 Ne5 17. f3 b6 $146 {[%cal Bb7b6,Bb6b5][%mdl 32]} ({Predecessor:} 17... Qf6 18. Rf1 Nf4 19. Bxf4 Qxf4 20. g3 {0-1 (63) Cortes Marti,J (2018)-Kovacevic,S (2304) Sueca 2017}) 18. b3 Rab8 19. Nc4 {[#]} (19. Ree1 $11) 19... b5 $1 $36 {[%cal Rb5c4][%mdl 2048] White is under strong pressure.} 20. Nxe5 Bxe5 (20... Qxe5 $17 21. Rc1 bxa4 22. bxa4 Rb4) 21. axb5 axb5 {Hoping for ...b4.} 22. Ra5 $2 ({Better is} 22. Rf1 $1 $15) 22... Qh4 $19 23. g4 Nf4 24. Bxf4 Bxf4 25. Nxb5 (25. Ra1 $142) 25... h5 26. gxh5 $2 {[#]} (26. Qd3 {was called for.} hxg4 27. Kh1) 26... Qxh5 27. Qd3 Re5 28. Raa2 $2 (28. Rf2 Rg5+ 29. Kh1) 28... Rg5+ 29. Rg2 Qxh2+ 0-1

[Event "Maia Cup 2019"]
[Site "Tbilisi"]
[Date "2019.09.05"]
[Round "1.4"]
[White "Jojua, Davit"]
[Black "Esadze, Tamari"]
[Result "1-0"]
[WhiteElo "2563"]
[BlackElo "1885"]
[Annotator "TA"]
[PlyCount "49"]
[EventDate "2019.09.05"]
[EventType "swiss"]
[EventCountry "GEO"]
[SourceTitle "playchess.com"]
[Source "ChessBase"]
[SourceQuality "1"]

{[%evp 9,49,13,21,18,19,13,30,31,30,29,33,19,21,1,7,0,0,6,10,-10,-5,-11,0,0,0,0,0,0,0,-4,0,0,0,0,0,0,10,14,8,12,376,378]} 1. d4 d5 2. Bf4 Nf6 3. e3 e6 4. Nf3 Be7 5. h3 Nbd7 (5... O-O 6. Nbd2 c5 7. c3 b6 8. Bd3 Ba6 9. Bxa6 Nxa6 10. O-O Nb8 11. Qe2 Nc6 12. Rad1 cxd4 13. exd4 Nd7 14. Rfe1 Re8 15. Bg3 a6 16. a4 {1-0 (39) Alekseenko,K (2561)-Eliseev,U (2602) Loo 2016}) 6. Nbd2 {D02: 1 d4 d5 2 Nf3 sidelines, including 2...Nf6 3 g3 and 2...Nf6 3 Bf4} h6 7. Bd3 c6 8. Qe2 $146 {White has an edge.} ({Predecessor:} 8. c3 b6 9. O-O O-O 10. Qe2 {1-0 (25) Brauer,C (2121)-Dangl,C (1876) Latschach 2009}) 8... b6 9. c3 Bb7 10. O-O O-O 11. Bh2 c5 12. Rad1 c4 13. Bc2 b5 14. e4 (14. Ne5 {is more complex.} Qa5 15. a3 Qb6 16. e4 Nxe5 17. Bxe5 Rad8 18. Rfe1) 14... dxe4 15. Nxe4 Nxe4 16. Bxe4 Bxe4 17. Qxe4 Nf6 18. Qb7 a6 19. a4 Qd7 20. Qxd7 Nxd7 21. axb5 axb5 22. d5 exd5 23. Rxd5 Nc5 24. Nd4 {[#] Nf5 is the strong threat.} Rfd8 $2 {[%mdl 8192]} (24... Nd3 $11 {and Black is okay.}) 25. Nc6 {[%mdl 64] Double Attack. Accuracy: White = 60%, Black = 38%.} 1-0

[Event "Maia Cup 2019"]
[Site "Tbilisi"]
[Date "2019.09.05"]
[Round "1.5"]
[White "Tsomaia, Sergo"]
[Black "Fier, Alexandr"]
[Result "0-1"]
[WhiteElo "1779"]
[BlackElo "2549"]
[Annotator "RC"]
[PlyCount "50"]
[EventDate "2019.09.05"]
[EventType "swiss"]
[EventCountry "GEO"]
[SourceTitle "playchess.com"]
[Source "ChessBase"]
[SourceQuality "1"]
[TimeControl "900+10"]

1. e4 {[%emt 0:00:00]} c5 {[%emt 0:00:00]} 2. Nf3 {[%emt 0:00:00]} Nc6 {[%emt 0:00:00]} 3. d4 {[%emt 0:00:09]} cxd4 {[%emt 0:00:00]} 4. Nxd4 {[%emt 0:00:01]} e6 {[%emt 0:00:00]} 5. Nxc6 {[%emt 0:00:20]} bxc6 {[%emt 0:00:00]} 6. Be2 {[%emt 0:02:20]} Nf6 {[%emt 0:00:04]} 7. Nc3 {[%emt 0:00:36]} d5 {[%emt 0:00:04]} 8. exd5 {[%emt 0:00:13]} cxd5 {[%emt 0:00:02]} 9. O-O {[%emt 0:00:06]} Be7 {[%emt 0:00:14]} 10. b3 {[%emt 0:01:18]} O-O {[%emt 0:00:03]} 11. Bb2 {[%emt 0:00:00]} Bb7 {[%emt 0:00:15]} 12. Re1 {[%emt 0:01:18]} Bd6 {[%emt 0:01:43]} 13. Nb5 {[%emt 0:00:22]} Bb8 {[%emt 0:00:22]} 14. c4 {[%emt 0:00:30]} a6 {[%emt 0:00:12]} 15. Nd4 {[%emt 0:00:41]} e5 16. Nf5 {[%emt 0:00:42]} d4 {[%emt 0:00:19]} 17. f3 {[%emt 0:00:19]} Nh5 {[%emt 0:00:50]} 18. Bc1 {[%emt 0:00:45]} g6 {[%emt 0:00:56]} 19. Ng3 {[%emt 0:00:57]} Nxg3 {[%emt 0:00:04]} 20. hxg3 {[%emt 0:00:01]} e4 {[%emt 0:00:01]} 21. f4 {[%emt 0:00:57]} Ba7 {[%emt 0:02:29]} 22. Bf1 {[%emt 0:00:21]} Qd6 {[%emt 0:00:11]} 23. Bb2 {[%emt 0:03:15]} Rad8 {[%emt 0:00:06]} 24. Rc1 {[%emt 0:00:03]} d3+ {[%emt 0:00:03]} 25. Kh2 {[%emt 0:00:39]} d2 {[%emt 0:00:02]} 0-1

[Event "Maia Cup 2019"]
[Site "Tbilisi"]
[Date "2019.09.05"]
[Round "1.6"]
[White "Arutinian, David"]
[Black "Elashvili, Giorgi"]
[Result "1-0"]
[WhiteElo "2551"]
[BlackElo "1937"]
[Annotator "TA"]
[PlyCount "73"]
[EventDate "2019.09.05"]
[EventType "swiss"]
[EventCountry "GEO"]
[SourceTitle "playchess.com"]
[Source "ChessBase"]
[SourceQuality "1"]

{[%evp 20,73,24,22,77,74,77,77,77,70,118,85,107,102,134,141,141,137,157,151,191,140,171,169,238,189,246,246,264,265,261,254,348,339,338,284,282,264,260,244,386,393,373,333,328,260,382,384,461,362,1437,1413,29992,29993,29993,29994]} 1. Nf3 Nf6 2. c4 e6 3. e3 d5 4. b3 Be7 5. Bb2 O-O 6. Nc3 b6 7. g3 c5 8. Bg2 Nc6 9. O-O Bb7 10. cxd5 exd5 11. d4 cxd4 {A14: English Opening: 1...e6 with b3 by White} (11... Rc8 $11 {remains equal.}) (11... Rc8) 12. Nxd4 $16 Nxd4 13. Qxd4 Bc5 {White is better.} 14. Qd3 Qc8 $146 ({Predecessor:} 14... Qd7 15. Rfd1 Rfd8 16. Ne2 Qd6 17. Nd4 Bxd4 18. Qxd4 Qe7 19. Rd2 {1-0 (52) Gindi,S (2336)-Kerkvliet,M (2186) Leiden 2015}) 15. Rac1 {[%cal Rc3d5]} Rd8 {[#]} 16. Nb5 $1 {Threatens to win with Bxf6.} a6 {[#]} 17. Bxf6 $1 gxf6 18. Nd4 {Black must now prevent b4!} Qd7 19. Rfd1 Rac8 20. h4 (20. Qf1 $18) 20... Ba3 21. Rxc8 Qxc8 (21... Bxc8 $142 22. Qc3 Bc5) 22. Kh2 Bf8 (22... Qc7 $142 23. Bh3 Bc8) 23. Bh3 Qc5 24. Bf5 h6 25. Qe2 Bc8 26. Qg4+ Kh8 27. Bxc8 Qxc8 28. Qf4 Bg7 29. Rd2 Qc5 (29... Qd7 {is a better defense.} 30. Qf3 Re8) 30. Rc2 $18 Qd6 31. Qg4 Qd7 32. Qf3 b5 (32... f5 {was called for.} 33. Nxf5 (33. Qxf5 Bxd4 34. Qxd7 Rxd7 $16) 33... Kh7) 33. Rc6 f5 {With the idea ...Bxd4.} 34. Qxf5 Bxd4 $2 (34... Qxf5 35. Nxf5 Kh7 36. Rxa6 h5) 35. Rxh6+ Kg7 36. Qg5+ Kf8 37. exd4 {Accuracy: White = 66%, Black = 21%.} 1-0

[Event "Maia Cup 2019"]
[Site "Tbilisi"]
[Date "2019.09.05"]
[Round "1.7"]
[White "Loladze, Andria"]
[Black "Maghalashvili, Davit"]
[Result "0-1"]
[WhiteElo "1769"]
[BlackElo "2500"]
[Annotator "TA"]
[PlyCount "42"]
[EventDate "2019.09.05"]
[EventType "swiss"]
[EventCountry "GEO"]
[SourceTitle "playchess.com"]
[Source "ChessBase"]
[SourceQuality "1"]

{[%evp 16,42,4,0,-8,-36,1,-8,4,0,0,0,1,-57,-27,-34,-23,-44,-25,-52,-29,-103,-104,-157,-125,-292,-286,-238,-250]} 1. g3 d5 2. Bg2 c6 3. Nf3 Bg4 4. O-O Nd7 5. d3 e6 6. e4 Bd6 7. Nbd2 {[%cal Bb1d2,Bd2f1,Bf1g3][%mdl 32]} Ne7 8. h3 Bh5 9. Re1 O-O {A07: Réti Opening: New York and Capablanca Systems} 10. Nf1 (10. g4 Bg6 11. e5 Bc7 12. Nf1 c5 13. Bg5 Qe8 14. c3 Nc6 15. d4 cxd4 16. cxd4 Rc8 17. Nh4 {½-½ (28) Navara,D (2708)-Balogh,C (2622) Rijeka 2010}) 10... a5 11. g4 Bg6 {The position is equal.} 12. e5 Bc7 13. Ng3 $146 ({Predecessor:} 13. Bg5 h6 14. Bh4 Bh7 15. Qd2 Re8 16. Ng3 Qb8 {0-1 (65) Sinanovic,M (2400)-Kovacevic,V (2485) Pula 1993}) 13... c5 14. c4 ({Better is} 14. h4 $11) 14... Nc6 {[%cal Rc6e5]} 15. Bg5 Qb8 16. cxd5 exd5 {[%cal Rd7e5]} 17. Nh4 Bxe5 18. Nxg6 (18. Ngf5 $11) 18... hxg6 $17 19. Qb3 (19. Rb1 $142) 19... Nb4 {Hoping for ...a4.} ({But not} 19... Bxg3 20. fxg3 Nf6 21. Kh2 $15) 20. Re2 $2 {[#]} (20. a3 $17 {was called for.} a4 21. Qd1) 20... a4 $19 {[%cal Ba5a4,Ba4a3][%mdl 32]} 21. Qd1 a3 {Accuracy: White = 31%, Black = 62%.} ({Much less strong is} 21... Bxg3 22. fxg3 Qxg3 23. d4) 0-1

[Event "Maia Cup 2019"]
[Site "Tbilisi"]
[Date "2019.09.05"]
[Round "2.1"]
[White "Jobava, Baadur"]
[Black "Akhvlediani, Irakli"]
[Result "1-0"]
[WhiteElo "2617"]
[BlackElo "2292"]
[Annotator "TA"]
[PlyCount "95"]
[EventDate "2019.09.05"]
[EventType "swiss"]
[EventCountry "GEO"]
[SourceTitle "playchess.com"]
[Source "ChessBase"]
[SourceQuality "1"]

{[%evp 9,95,12,35,14,16,0,51,4,47,-10,-14,-34,-24,-33,-13,-16,-9,-13,5,-17,1,0,0,-7,0,0,0,0,0,-16,15,22,23,0,6,1,9,8,0,6,85,86,82,6,8,10,22,0,0,0,0,7,54,55,55,41,66,66,194,80,316,164,439,402,1337,1208,991,950,2241,2447,2229,2368,1954,1954,7056,6083,5065,2143,29983,29984,29986,29987,29987,29988,29988,29989,29989,29990]} 1. d4 Nf6 2. Bg5 e6 3. e4 h6 4. Bxf6 Qxf6 5. c3 d6 6. Bc4 {A45: Trompowsky Attack} c5 $146 ({Predecessor:} 6... Qg6 7. Qf3 Nc6 8. Ne2 Be7 9. Nd2 e5 10. d5 Nb8 11. Ng3 Qg4 12. Qd3 g6 13. h3 Qf4 {½-½ (45) Duda,J (2738)-Miton,K (2588) St Petersburg 2018}) 7. Ne2 Qd8 (7... Qg6 $11) 8. O-O {White is slightly better.} Be7 9. dxc5 ({White should play} 9. d5 $14) 9... dxc5 $11 10. Qxd8+ (10. Nd2 {seems wilder.} O-O 11. f4 a6 12. a4 Nc6 13. Ng3) 10... Bxd8 11. Nd2 {[%cal Bb1d2,Bd2f3,Bf3e5][%mdl 32]} Bd7 12. a4 Be7 13. f4 O-O 14. Nf3 Bc6 15. Ng3 Nd7 16. Bb5 Bxb5 17. axb5 c4 18. Rfd1 Nc5 19. Ne5 Rfc8 20. Kf1 Bh4 21. Nxc4 Bxg3 22. hxg3 {And now Nd6 would win.} Nxe4 23. Nd6 Nxd6 24. Rxd6 {[%mdl 4096] Endgame KRR-KRR} Kf8 (24... Rc5 $11) 25. Rd7 $16 b6 {[#]} 26. Raxa7 (26. Ra4 $1 $16) 26... Rxa7 $11 27. Rxa7 $16 {Hoping for Rb7. KR-KR} Rc5 28. Rb7 Rxb5 29. b4 g5 30. Ke2 Kg7 31. Kd3 Rd5+ 32. Kc4 $1 Rd6 33. Kb5 Rd3 {[#]} (33... g4 $1 $14) 34. c4 (34. fxg5 $1 $18 hxg5 35. c4) 34... Rxg3 $2 (34... g4 $16 {keeps fighting.}) 35. fxg5 $18 hxg5 $2 (35... Rxg5+ {is a better defense.} 36. Kxb6 Rg4) 36. Kxb6 Rxg2 (36... Rg4 $142 37. c5 Rxb4+ 38. Kc7 Rc4) 37. c5 g4 38. c6 g3 39. Rd7 Rc2 40. Rd3 g2 41. Rg3+ Kf8 42. c7 Ke7 {[#]} 43. Rxg2 $1 {[%mdl 512]} Rc4 (43... Rxg2 44. c8=Q) 44. b5 {[%cal Bb4b5,Bb5b6][%mdl 32] White mates.} f5 45. Kb7 f4 46. c8=Q Rxc8 47. Kxc8 e5 48. b6 {Accuracy: White = 63%, Black = 22%.} 1-0

[Event "Maia Cup 2019"]
[Site "Tbilisi"]
[Date "2019.09.05"]
[Round "2.2"]
[White "Tqeshelashvili, Sopio"]
[Black "Quparadze, Giga"]
[Result "0-1"]
[WhiteElo "2269"]
[BlackElo "2462"]
[Annotator "TA"]
[PlyCount "64"]
[EventDate "2019.09.05"]
[EventType "swiss"]
[EventCountry "GEO"]
[SourceTitle "playchess.com"]
[Source "ChessBase"]
[SourceQuality "1"]

{[%evp 12,64,12,0,0,-39,22,-80,-51,-57,-52,-52,16,-65,-68,-77,-68,-83,-66,-67,-74,-135,-110,-293,-271,-288,-265,-262,-268,-269,-235,-328,-149,-254,-256,-241,0,-766,0,0,0,0,0,-182,0,-202,-199,-5202,-5197,-5639,-2122,-5527,-5293,-5181,-5177]} 1. e4 c5 2. Nf3 e6 3. d4 cxd4 4. Nxd4 a6 5. Bd3 Nf6 6. c4 Nc6 7. Be3 Ne5 {B41: Sicilian: Kan Variation: 5 c4} (7... Qc7 8. O-O Ne5 9. h3 d6 10. f4 Nxd3 11. Qxd3 Be7 12. Nc3 Bd7 13. Rac1 O-O 14. Rfd1 Rac8 15. Qe2 Rfe8 16. b3 {0-1 (41) Rios,A (2283)-Cruz,C (2569) Cartagena 2019}) 8. Nc3 Qc7 (8... Nfg4 $15) 9. b3 (9. f3 $11) 9... Nfg4 $146 {Black is better.} ({Predecessor:} 9... Nxd3+ 10. Qxd3 Ng4 11. Rd1 Bb4 12. Bd2 b6 13. h3 Ne5 14. Qe2 Nc6 15. Nc2 Bc5 16. O-O {1-0 (57) Pastuszko,K (1851)-Burakowska,G (1904) Olsztyn 2013}) 10. Qd2 Bb4 11. Be2 b5 (11... Nxe3 $15 12. Qxe3 Qa5) 12. f4 (12. a3 $11 Qa5 13. Rc1 Bxa3 14. Ra1 Nxe3 15. Qxe3) 12... bxc4 $15 13. O-O (13. fxe5 $2 cxb3 14. Rc1 Nxe3 $17) 13... Nxe3 14. Qxe3 Nc6 15. Nxc6 Qxc6 16. Kh1 ({Better is} 16. Na4) 16... cxb3 $17 17. Nd5 $2 (17. Nd1 $17 {was worth a try.}) 17... Bc5 $19 18. Qg3 exd5 19. Qxg7 {Strongly threatening exd5.} Rf8 20. exd5 Qb6 {Hoping for ...Bd4.} (20... Qxd5 $2 21. Rad1 $18) 21. Bh5 {d6 would now be nice for White.} Bb7 (21... b2 $19 {and Black stays clearly on top.} 22. Rab1 Rb8) 22. Bxf7+ (22. Rab1 $17 {might work better.} Qc7 23. Rfe1+ Kd8 24. Rxb3) 22... Rxf7 23. Rae1+ {[#]} Be7 $2 (23... Kd8 $1 $19 24. Qxf7 b2) 24. Qh8+ $1 $11 Rf8 {[#]} 25. Rxe7+ $1 {[%mdl 512]} Kxe7 26. Re1+ $1 {[#]} Kd8 $1 27. Qxf8+ Kc7 {[#]} 28. Rc1+ $2 (28. d6+ $1 $11 {[%mdl 512] and White stays safe.} Qxd6 29. Rc1+ Bc6 30. Qxa8) 28... Bc6 $1 $19 29. Qxa8 $2 (29. Qe7 b2 30. Qe5+ d6 31. Qg7+ {[%mdl 64] Double Attack} Kb8 32. Rb1) 29... b2 {[%cal Rb2c1] Black is clearly winning.} 30. d6+ Kxd6 {[%cal Rb2c1]} 31. Qf8+ Kc7 {[%cal Rb2c1]} 32. Rb1 {[#]} Be4 $1 {[%mdl 512] Accuracy: White = 23%, Black = 58%.} 0-1

[Event "Maia Cup 2019"]
[Site "Tbilisi"]
[Date "2019.09.05"]
[Round "2.3"]
[White "Pantsulaia, Levan"]
[Black "Tqavadze, Giorgi"]
[Result "1/2-1/2"]
[WhiteElo "2603"]
[BlackElo "1989"]
[Annotator "TA"]
[PlyCount "71"]
[EventDate "2019.09.05"]
[EventType "swiss"]
[EventCountry "GEO"]
[SourceTitle "playchess.com"]
[Source "ChessBase"]
[SourceQuality "1"]

{[%evp 9,71,17,53,29,60,32,89,24,122,120,163,105,108,110,113,110,113,108,119,117,120,102,123,104,100,69,80,39,43,0,0,3,8,10,16,9,69,79,84,75,116,131,97,89,87,107,105,0,0,0,0,0,0,0,0,-125,-95,-29995,-235,-5102,-335,-949,0,-2160]} 1. c4 c5 2. Nf3 Nc6 3. Nc3 Nf6 4. g3 d6 5. Bg2 Be6 (5... g6 6. d4 cxd4 7. Nxd4 Bd7 8. Nc2 Bg7 9. b3 O-O 10. O-O Qa5 11. Bd2 Rfc8 12. Rc1 Qd8 13. h3 a6 14. a4 Be8 15. Rb1 Nd7 16. e4 Nc5 17. Qe2 Na5 18. Na1 Nc6 19. Nc2 Na5 20. Na1 Nc6 21. Nc2 Na5 {½-½ (21) Cheparinov,I (2703)-Ivanchuk,V (2729) Kocaeli 2017}) 6. b3 {A34: Symmetrical English: 2 Nc3, lines with ...d5} Qc8 $146 ({Predecessor:} 6... g6 7. Bb2 Bg7 8. O-O O-O 9. e3 Qc8 10. d4 Bg4 11. Qd2 Rd8 12. d5 Nb4 13. a3 {1-0 (46) Mueller,H (2077)-Gerhards,W (1947) Seefeld 2007}) 7. d4 Bh3 (7... cxd4 $14 8. Nxd4 Bh3) 8. O-O (8. Bxh3 $16 Qxh3 9. d5) 8... h5 (8... cxd4 $11 9. Nxd4 Bxg2 10. Kxg2 g6) 9. d5 $16 Ne5 10. Nxe5 (10. Bxh3 $18 Qxh3 11. Ng5) 10... dxe5 11. f3 Bxg2 12. Kxg2 g6 13. e4 Bg7 14. Be3 O-O 15. Rc1 Kh7 16. Qd2 Ne8 17. Na4 b6 18. b4 {[%cal Rb4c5]} Qd7 19. Nxc5 bxc5 20. bxc5 f5 21. c6 Qc8 22. Qc2 Bh6 (22... fxe4 $11 23. fxe4 h4) 23. Bxh6 $14 Kxh6 24. Rb1 Rb8 25. Rxb8 Qxb8 26. Rb1 $1 {[%cal Rb1b8]} Qd6 27. c5 Qf6 28. Rb7 ({Better is} 28. Rb8 $16) 28... fxe4 $1 $11 29. Qxe4 {Hoping for c7.} Qg5 30. Qe2 {aiming for c7.} e4 31. Qxe4 {f4 is the strong threat.} Qd2+ {[%mdl 64] Double Attack} 32. Kh3 (32. Kg1 $11 {remains equal.}) 32... Qf2 $17 {( -> ...Qf1+)} 33. Qxe7 $4 {[%mdl 8192]} (33. f4 $17 Qf1+ 34. Kh4) 33... Qxf3 $2 (33... Qf1+ {mates} 34. Kh4 {[#]} Rf4+ $1 {[%mdl 512]} 35. gxf4 Qf2+ $1 {[%mdl 576] Double Attack} 36. Kh3 Qxf3+ {[%mdl 64] Double Attack} 37. Kh4 Qg4#) 34. Qe5 $2 (34. Qh7+ Kg5 35. Qe7+ Rf6 36. Rb1) 34... Qg4+ (34... g5 $142 35. Rb1 Ng7 36. Qd6+ Rf6 37. Qxf6+ Qxf6) 35. Kg2 $19 {Black must now prevent Qe3+.} Qf3+ (35... Qd1 $142 36. Kh3 g5) 36. Kh3 {[%mdl 32768] Accuracy: White = 38%, Black = 45%. . An unexpected result.} 1/2-1/2

[Event "Maia Cup 2019"]
[Site "Tbilisi"]
[Date "2019.09.05"]
[Round "2.4"]
[White "Tevzadze, Mariam"]
[Black "Jojua, Davit"]
[Result "0-1"]
[WhiteElo "1906"]
[BlackElo "2563"]
[Annotator "TA"]
[PlyCount "74"]
[EventDate "2019.09.05"]
[EventType "swiss"]
[EventCountry "GEO"]
[SourceTitle "playchess.com"]
[Source "ChessBase"]
[SourceQuality "1"]

{[%evp 11,74,-12,5,-5,12,-4,1,-4,-12,-29,-17,-37,-7,-37,-7,-49,-36,-58,-36,-56,-31,-39,-51,-35,-59,-46,-50,-53,-49,-47,-47,-37,-49,-45,-46,-47,0,-100,14,0,0,-43,14,-13,-14,-16,-19,-151,-159,-148,-144,-149,-46,-47,-38,-63,-100,-536,-528,-691,-663,-825,-801,-887,-697]} 1. d4 Nf6 2. Nf3 g6 3. Bf4 Bg7 4. e3 d6 5. h3 O-O 6. Nbd2 Nfd7 7. c3 {A48: 1 d4 Nf6 2 Nf3 g6: Torre, London and Colle Systems} e5 8. dxe5 dxe5 9. Bh2 {The position is equal.} (9. Bg3 Qe7 10. Be2 Nb6 11. a4 a5 12. Nc4 N8d7 13. O-O Nxc4 14. Bxc4 {0-1 (63) Cori Tello,J (2549)-Rodshtein,M (2678) Benasque 2015}) 9... Qe7 10. Bc4 Nb6 $146 ({Predecessor:} 10... a5 11. O-O a4 12. a3 Nc5 13. e4 c6 14. Qc2 {½-½ (44) Babiy,A (2471)-Bogachkov,I (2324) Togliatti 2003}) 11. Bb3 Na6 12. O-O Bd7 13. Qe2 Nc5 14. Rfd1 a5 15. Bc2 Bc6 16. Nb3 Nca4 17. Rab1 Nxb2 18. Rxb2 Na4 $1 {[%csl LRb2,LRc3][%cal Ra4b2][%mdl 64] [#] Double Attack} 19. Rbb1 {Black must now prevent Qe1.} Nxc3 {[%mdl 64] Double Attack} 20. Qc4 Nxd1 21. Bxd1 Rfd8 22. Be2 Bd5 23. Qc2 a4 $36 {[%mdl 2048] Black has some pressure.} 24. Nbd2 (24. Nc5 $11) 24... f6 (24... e4 $17 25. Ne1 Bc6) 25. Bc4 c6 26. Bg3 Bxc4 ({Black should try} 26... Qf7 $15) 27. Qxc4+ Kh8 28. Ne4 Rd5 29. Nc3 (29. Kh2 $11) 29... Qc5 $17 30. Qxc5 Rxc5 31. Ne4 Rc2 (31... Rb5 $17 32. Ra1 Rb2) 32. Rxb7 $15 Rxa2 {[#] Hoping for ...a3.} 33. Bh4 g5 34. Bg3 $2 {[%mdl 8192]} (34. Nfxg5 $17 {nothing else works.} fxg5 35. Bxg5) 34... a3 $19 {[%cal Ba4a3,Ba3b2][%mdl 32] ...Rb2 is the strong threat.Black is clearly winning.} 35. Kh2 Rb2 36. Rxb2 axb2 37. Nc3 Bf8 {Accuracy: White = 26%, Black = 60%.} 0-1